[Event "72nd RUS-ch Higher League 2019"]
[Site "Yaroslavl"]
[Date "2019.06.27"]
[Round "1.27"]
[White "Lesovoi, Evgenij"]
[Black "Romanov, Evgeny"]
[Result "0-1"]
[WhiteElo "2366"]
[BlackElo "2577"]
[Annotator "ChessBase"]
[PlyCount "74"]
[EventDate "2019.06.27"]
[EventType "swiss"]
[EventCountry "RUS"]
[SourceTitle "playchess.com"]
[Source "ChessBase"]
[SourceQuality "1"]
[TimeControl "40/5400+30:1800+30"]

1. d4 {[%emt 0:00:00]} d5 {[%emt 0:01:34]} 2. Nf3 {[%emt 0:00:11]} e6 {[%emt 0:00:19]} 3. c4 {[%emt 0:00:53]} Bb4+ {[%emt 0:00:14]} 4. Bd2 {[%emt 0:01:39]} a5 {[%emt 0:00:10]} 5. Qc2 {[%emt 0:01:47]} Nf6 {[%emt 0:02:55]} 6. a3 {[%emt 0:03:09]} Be7 {[%emt 0:04:50]} 7. Nc3 {[%emt 0:04:16]} b6 {[%emt 0:04:54]} 8. e4 {[%emt 0:07:29]} dxe4 {[%emt 0:01:31]} 9. Nxe4 {[%emt 0:00:06]} Bb7 {[%emt 0:00:09]} 10. Bd3 {[%emt 0:00:24]} Nbd7 {[%emt 0:00:18]} 11. O-O {[%emt 0:05:42]} c5 {[%emt 0:11:54]} 12. Bc3 {[%emt 0:12:40]} cxd4 {[%emt 0:05:03]} 13. Nxd4 {[%emt 0:02:49]} Nc5 {[%emt 0:11:46]} 14. Nxc5 {[%emt 0:01:01]} Bxc5 {[%emt 0:00:55]} 15. Nb5 {[%emt 0:15:42]} Ng4 {[%emt 0:10:16]} 16. g3 {[%emt 0:08:17]} Qg5 {[%emt 0:09:21]} 17. Be4 {[%emt 0:02:05]} Qh5 {[%emt 0:14:57]} 18. h4 {[%emt 0:00:17]} Bxe4 {[%emt 0:00:13]} 19. Qxe4 {[%emt 0:00:06]} O-O {[%emt 0:00:09]} 20. Kg2 {[%emt 0:02:52]} a4 {[%emt 0:02:18]} 21. Rae1 {[%emt 0:01:04]} Qg6 {[%emt 0:02:54]} 22. Qf4 {[%emt 0:06:01]} Rad8 {[%emt 0:02:26]} 23. Re4 {[%emt 0:01:59]} h5 {[%emt 0:05:31]} 24. Re2 {[%emt 0:00:10]} Rd3 {[%emt 0:00:56]} 25. Qg5 {[%emt 0:06:24]} Kh7 {[%emt 0:01:28]} 26. Qf4 {[%emt 0:03:41]} Rfd8 {[%emt 0:02:51]} 27. Rfe1 {[%emt 0:00:29]} Kg8 {[%emt 0:00:28]} 28. Qg5 {[%emt 0:01:27]} Kh7 {[%emt 0:01:12]} 29. Qf4 {[%emt 0:00:01]} Rd1 {[%emt 0:00:55]} 30. Qf3 {[%emt 0:05:08]} R8d3 {[%emt 0:00:41]} 31. Qf4 {[%emt 0:02:02]} e5 {[%emt 0:00:16]} 32. Qg5 {[%emt 0:00:53]} Qc6+ {[%emt 0:00:42]} 33. Kh3 {[%emt 0:02:14]} Rxe1 {[%emt 0:00:48]} 34. Qxh5+ {[%emt 0:00:57]} Kg8 {[%emt 0:00:56]} 35. Rxe1 {[%emt 0:00:24]} Bxf2 {[%emt 0:00:28]} 36. Kxg4 {[%emt 0:02:43]} Rxg3+ {[%emt 0:00:23]} 37. Kf5 {[%emt 0:00:04]} g6+ {[%emt 0:00:23] Ke4} 0-1

[Event "72nd RUS-ch Higher League 2019"]
[Site "Yaroslavl"]
[Date "2019.06.27"]
[Round "1.28"]
[White "Rozum, Ivan"]
[Black "Samojlov, Anton"]
[Result "1-0"]
[WhiteElo "2572"]
[BlackElo "2350"]
[Annotator "ChessBase"]
[PlyCount "101"]
[EventDate "2019.06.27"]
[EventType "swiss"]
[EventCountry "RUS"]
[SourceTitle "playchess.com"]
[Source "ChessBase"]
[SourceQuality "1"]
[TimeControl "40/5400+30:1800+30"]

1. d4 {[%emt 0:00:00]} Nf6 {[%emt 0:00:02]} 2. c4 {[%emt 0:00:00]} g6 {[%emt 0:00:13]} 3. g3 {[%emt 0:01:16]} Bg7 {[%emt 0:00:18]} 4. Bg2 {[%emt 0:00:01]} O-O {[%emt 0:00:36]} 5. Nc3 {[%emt 0:00:03]} d6 {[%emt 0:00:20]} 6. Nf3 {[%emt 0:00:11]} Nc6 {[%emt 0:01:32]} 7. O-O {[%emt 0:00:08]} Bf5 {[%emt 0:00:10]} 8. b3 {[%emt 0:02:14]} e5 {[%emt 0:01:29]} 9. d5 {[%emt 0:03:18]} Ne7 {[%emt 0:01:02]} 10. Ne1 {[%emt 0:00:33]} Ne8 {[%emt 0:00:18]} 11. e4 {[%emt 0:01:29]} Bd7 {[%emt 0:00:10]} 12. Bd2 {[%emt 0:01:46]} f5 {[%emt 0:03:03]} 13. exf5 {[%emt 0:00:08]} gxf5 {[%emt 0:01:41]} 14. Nd3 {[%emt 0:04:16]} f4 {[%emt 0:15:42]} 15. Ne4 {[%emt 0:03:22]} Nf5 {[%emt 0:13:39]} 16. Rc1 {[%emt 0:08:00]} Nf6 {[%emt 0:12:06]} 17. gxf4 {[%emt 0:08:11]} Nxe4 {[%emt 0:04:57]} 18. Bxe4 {[%emt 0:00:10]} Qh4 {[%emt 0:00:21]} 19. Kh1 {[%emt 0:07:39]} exf4 {[%emt 0:14:45]} 20. Bxf4 {[%emt 0:07:57]} Rae8 {[%emt 0:12:40]} 21. Bg2 {[%emt 0:05:15]} Nd4 {[%emt 0:06:11]} 22. Bg3 {[%emt 0:01:04]} Qg5 {[%emt 0:01:30]} 23. Re1 {[%emt 0:08:35]} Bg4 {[%emt 0:03:04]} 24. f3 {[%emt 0:00:11]} Rxe1+ {[%emt 0:01:32]} 25. Nxe1 {[%emt 0:00:14]} Bf5 {[%emt 0:03:18]} 26. f4 {[%emt 0:01:56]} Qe7 {[%emt 0:00:31]} 27. Nf3 {[%emt 0:05:38]} Ne2 {[%emt 0:00:53]} 28. Qe1 {[%emt 0:00:15]} Re8 {[%emt 0:00:26]} 29. Rd1 {[%emt 0:00:09]} Bc2 {[%emt 0:01:23]} 30. Rd2 {[%emt 0:00:33]} Bc3 {[%emt 0:00:24]} 31. Rxe2 {[%emt 0:00:49]} Qxe2 {[%emt 0:00:35]} 32. Qxc3 {[%emt 0:00:02]} Re3 {[%emt 0:00:34]} 33. Qd2 {[%emt 0:04:24]} Be4 {[%emt 0:00:18]} 34. Qxe2 {[%emt 0:00:21]} Rxe2 {[%emt 0:00:02]} 35. a4 {[%emt 0:03:10]} Rb2 {[%emt 0:00:34]} 36. Kg1 {[%emt 0:00:01]} a5 {[%emt 0:00:32]} 37. Bh4 {[%emt 0:04:32]} Rb1+ {[%emt 0:00:30]} 38. Kf2 {[%emt 0:00:22]} Rb2+ {[%emt 0:00:15]} 39. Ke3 {[%emt 0:01:48]} Bc2 {[%emt 0:00:38]} 40. Nd2 {[%emt 0:00:00]} Bxb3 {[%emt 0:00:00]} 41. Bf6 {[%emt 0:06:32]} Ra2 {[%emt 0:00:42]} 42. Nxb3 {[%emt 0:00:44]} Rxg2 {[%emt 0:00:51]} 43. Nxa5 {[%emt 0:00:46]} b6 {[%emt 0:02:13]} 44. Nc6 {[%emt 0:01:16]} Rxh2 {[%emt 0:00:34]} 45. Bd8 {[%emt 0:00:11]} Ra2 {[%emt 0:00:20]} 46. Bxc7 {[%emt 0:01:06]} Rxa4 {[%emt 0:00:14]} 47. Bxd6 {[%emt 0:02:22]} Rxc4 {[%emt 0:08:06]} 48. Be7 {[%emt 0:00:31]} Rc3+ {[%emt 0:01:57]} 49. Kd2 {[%emt 0:00:38]} Rb3 {[%emt 0:02:28]} 50. d6 {[%emt 0:01:09]} Rb5 {[%emt 0:00:21]} 51. Ne5 {[%emt 0:00:17]} 1-0

[Event "72nd RUS-ch Higher League 2019"]
[Site "Yaroslavl"]
[Date "2019.06.27"]
[Round "1.29"]
[White "Ibadov, Dashgyn"]
[Black "Bocharov, Ivan"]
[Result "1/2-1/2"]
[WhiteElo "2298"]
[BlackElo "2559"]
[Annotator "ChessBase"]
[PlyCount "82"]
[EventDate "2019.06.27"]
[EventType "swiss"]
[EventCountry "RUS"]
[SourceTitle "playchess.com"]
[Source "ChessBase"]
[SourceQuality "1"]
[TimeControl "40/5400+30:1800+30"]

1. e4 {[%emt 0:00:00]} c5 {[%emt 0:00:00]} 2. Nf3 {[%emt 0:00:00]} d6 {[%emt 0:00:00]} 3. d4 {[%emt 0:00:00]} cxd4 {[%emt 0:00:03]} 4. Nxd4 {[%emt 0:00:00]} Nf6 {[%emt 0:00:03]} 5. Nc3 {[%emt 0:00:05]} a6 {[%emt 0:00:03]} 6. Bg5 {[%emt 0:00:26]} Nbd7 {[%emt 0:00:25]} 7. f4 {[%emt 0:00:26]} Qc7 {[%emt 0:01:44]} 8. Qf3 {[%emt 0:00:29]} b5 {[%emt 0:00:47]} 9. O-O-O {[%emt 0:05:06]} Bb7 {[%emt 0:00:19]} 10. g4 {[%emt 0:04:46]} e6 {[%emt 0:03:53]} 11. a3 {[%emt 0:08:25]} Rc8 {[%emt 0:02:52]} 12. Bxf6 {[%emt 0:08:28]} gxf6 {[%emt 0:02:20]} 13. Kb1 {[%emt 0:01:47]} Nc5 {[%emt 0:04:46]} 14. Bd3 {[%emt 0:11:42]} Qb6 {[%emt 0:05:10]} 15. f5 {[%emt 0:05:16]} e5 {[%emt 0:04:27]} 16. Nb3 {[%emt 0:02:44]} Na4 {[%emt 0:01:52]} 17. Nd5 {[%emt 0:03:07]} Bxd5 {[%emt 0:00:01]} 18. exd5 {[%emt 0:00:07]} h5 {[%emt 0:23:24]} 19. g5 {[%emt 0:06:23]} fxg5 {[%emt 0:00:43]} 20. f6 {[%emt 0:00:14]} g4 {[%emt 0:00:57]} 21. Qf5 {[%emt 0:04:17]} Kd8 {[%emt 0:00:55]} 22. Rhe1 {[%emt 0:01:02]} Rc7 {[%emt 0:16:17]} 23. Re4 {[%emt 0:05:43]} Nc5 {[%emt 0:02:05]} 24. Rb4 {[%emt 0:04:40]} Nxb3 {[%emt 0:06:01]} 25. Rxb3 {[%emt 0:02:49]} Qd4 {[%emt 0:00:41]} 26. Rb4 {[%emt 0:03:15]} Qxd5 {[%emt 0:00:21]} 27. Be2 {[%emt 0:04:23]} Qe6 {[%emt 0:00:44]} 28. Qe4 {[%emt 0:01:16]} Qxf6 {[%emt 0:00:46]} 29. Qa8+ {[%emt 0:01:27]} Ke7 {[%emt 0:00:06]} 30. Qxa6 {[%emt 0:00:48]} Bh6 {[%emt 0:00:55]} 31. Rxb5 {[%emt 0:00:52]} Rd8 {[%emt 0:03:10]} 32. Qb6 {[%emt 0:07:11]} Rdd7 {[%emt 0:02:19]} 33. a4 {[%emt 0:01:45]} Qf5 {[%emt 0:05:05]} 34. Bd3 {[%emt 0:00:48]} Qf3 {[%emt 0:00:46]} 35. Re1 {[%emt 0:01:42]} Bf4 {[%emt 0:03:24]} 36. Qb8 {[%emt 0:03:24]} Qf2 {[%emt 0:01:33]} 37. Rf1 {[%emt 0:00:47]} Qxh2 {[%emt 0:01:31]} 38. Qg8 {[%emt 0:00:34]} Rd8 {[%emt 0:02:09]} 39. Qg7 {[%emt 0:01:57]} Qh4 {[%emt 0:04:02]} 40. Rxf4 {[%emt 0:00:00]} exf4 {[%emt 0:00:00]} 41. Re5+ {[%emt 0:05:30]} dxe5 1/2-1/2

[Event "72nd RUS-ch Higher League 2019"]
[Site "Yaroslavl"]
[Date "2019.06.28"]
[Round "2.1"]
[White "Popov, Ivan"]
[Black "Dreev, Aleksey"]
[Result "1/2-1/2"]
[WhiteElo "2599"]
[BlackElo "2657"]
[Annotator "TA"]
[PlyCount "42"]
[EventDate "2019.06.27"]
[EventType "swiss"]
[EventCountry "RUS"]
[SourceTitle "playchess.com"]
[Source "ChessBase"]
[SourceQuality "1"]

{[%evp 11,42,12,18,9,13,18,19,11,15,12,42,32,27,24,31,34,25,17,18,10,16,10,22,16,26,26,25,0,0,0,29,0,0]} 1. e4 c6 2. d4 d5 3. Nc3 dxe4 4. Nxe4 Bf5 5. Ng3 Bg6 6. Nh3 Nd7 7. Bc4 {B18: Classical Caro-Kann: 4...Bf5 sidelines} e6 8. Nf4 Bd6 9. Nxg6 hxg6 10. Ne4 Be7 (10... Ndf6 {is interesting.} 11. Ng5 Nh6 12. Qe2 Qc7 13. g3 Kf8) (10... Ndf6 11. Ng5 Nd5 12. h4 Ngf6 13. Bd2 Qc7 14. Qe2 Bf4 {1-0 (43) Piorun,K (2633)-Bartel,M (2604) Warsaw 2018}) 11. c3 $146 ({Predecessor:} 11. Bf4 Nb6 12. Bb3 Nd5 13. Bg3 Ngf6 14. Nxf6+ Bxf6 15. c3 Bh4 {½-½ (53) Krivobokov,A (2119)-Kosolapova,L (1910) Tula 2007}) 11... Ngf6 12. Ng5 Nh7 13. Nf3 ({Much weaker is} 13. Nxf7 Kxf7 14. Qb3 Nhf8 $17) 13... Ng5 14. Bf4 Nxf3+ 15. Qxf3 Nb6 16. Bb3 Nd5 17. Be5 Bf6 18. Bg3 Bh4 19. Be5 Bf6 20. Bg3 Bh4 21. Be5 Bf6 {Accuracy: White = 48%, Black = 83%.} 1/2-1/2

[Event "72nd RUS-ch Higher League 2019"]
[Site "Yaroslavl"]
[Date "2019.06.28"]
[Round "2.2"]
[White "Chigaev, Maksim"]
[Black "Rozum, Ivan"]
[Result "1/2-1/2"]
[WhiteElo "2640"]
[BlackElo "2572"]
[Annotator "TA"]
[PlyCount "87"]
[EventDate "2019.06.27"]
[EventType "swiss"]
[EventCountry "RUS"]
[SourceTitle "playchess.com"]
[Source "ChessBase"]
[SourceQuality "1"]

{[%evp 9,87,12,10,12,24,18,13,0,7,0,0,0,0,0,0,0,0,0,31,20,105,102,124,116,144,145,139,70,77,70,77,68,72,42,25,0,31,16,17,0,0,-20,-2,-5,-20,-39,-40,-37,-29,-43,0,0,0,-20,-20,-70,-30,-53,-62,-54,-8,-12,0,0,0,-4,-4,-4,0,0,0,0,21,21,21,18,14,0,0,0]} 1. e4 c6 2. d4 d5 3. e5 Bf5 4. h4 h5 5. Bd3 (5. c4 e6 6. Nc3 Bb4 7. cxd5 cxd5 8. Bg5 Ne7 9. Bd3 Bxc3+ 10. bxc3 Qc7 11. Ne2 Nd7 12. Bxf5 Nxf5 13. O-O f6 14. exf6 gxf6 {½-½ (40) Sjugirov,S (2661)-Riazantsev,A (2653) Sochi 2019}) 5... Bxd3 6. Qxd3 {B12: Caro-Kann: Advance Variation} Qa5+ 7. Nd2 {Black should prevent e6!} e6 8. Ngf3 Qa6 9. c4 Nh6 10. O-O Nf5 11. b3 $36 {[%mdl 2048] White fights for an advantage.} Be7 $146 ({Predecessor:} 11... Nd7 12. a4 Bb4 {½-½ (98) Kevlishvili,R (2497)-Banzea,A (2313) Riga 2018}) 12. a4 Nd7 13. Ba3 Bxa3 14. Rxa3 c5 (14... O-O $11) 15. dxc5 $1 $16 Nxc5 16. Qb1 dxc4 {[#]} 17. b4 $1 {[%cal Rb4c5]} c3 {[#]} 18. b5 (18. a5 $1 $16 c2 19. Qxc2) 18... Qa5 $14 19. Nc4 Qc7 20. Rxc3 O-O 21. Ne3 Nxe3 22. Rxe3 (22. fxe3 {is more complex.} Rac8 23. Rc4 g6 24. Rf4 b6 25. Rd4) 22... g6 23. Rc1 b6 24. Ng5 Rad8 25. Ne4 Rd4 $1 26. a5 Qd8 27. Nf6+ Kg7 28. axb6 axb6 29. g3 Rd3 {Threatens to win with ...Rxe3.} 30. Rce1 Qd4 31. Qc1 Ra8 32. Rf1 Rxe3 33. Qxe3 Qxe3 34. fxe3 $15 {[%mdl 4096] Endgame KRN-KRN} Nd3 35. Nd7 {The position is equal.} Ra3 36. Rb1 $1 Ra2 37. Nxb6 Nxe5 {White must now prevent ...Nf3+.} 38. Rb4 Re2 39. Rb3 Rd2 40. Kf1 f5 41. Na4 {Threatening b6.} Nf3 $1 42. Rb2 {Rxd2 is the strong threat.} Nh2+ 43. Ke1 Nf3+ 44. Kf1 {Accuracy: White = 55%, Black = 55%.} 1/2-1/2

[Event "72nd RUS-ch Higher League 2019"]
[Site "Yaroslavl"]
[Date "2019.06.28"]
[Round "2.3"]
[White "Romanov, Evgeny"]
[Black "Predke, Alexandr"]
[Result "0-1"]
[WhiteElo "2577"]
[BlackElo "2632"]
[Annotator "TA"]
[PlyCount "112"]
[EventDate "2019.06.27"]
[EventType "swiss"]
[EventCountry "RUS"]
[SourceTitle "playchess.com"]
[Source "ChessBase"]
[SourceQuality "1"]

{[%evp 19,112,0,3,0,9,7,12,0,0,0,14,9,19,0,0,0,36,0,0,-49,-50,-39,-39,-39,-41,-37,-37,-48,-52,-135,-121,-131,-123,-121,-36,-44,-33,-49,-55,-56,-52,-52,-57,-83,-81,-73,-89,-77,-81,-105,-105,-110,-95,-131,-122,-122,-119,-98,0,-102,-104,-183,-117,-156,-152,-153,-149,-262,-256,-260,-267,-273,-264,-286,-292,-266,-277,-278,-275,-299,-305,-490,-476,-425,-343,-322,-275,-938,-942,-1570,-1578,-5114,-2466,-29976,-29975]} 1. d4 Nf6 2. c4 e6 3. Nf3 b6 4. e3 Bb7 5. Nc3 Bb4 6. Bd3 c5 7. O-O O-O 8. Na4 cxd4 9. exd4 Re8 10. a3 Bf8 11. b4 {E43: Nimzo-Indian: Rubinstein: 4...b6} d6 (11... a5 12. b5 d6 13. Bg5 Nbd7 14. Re1 h6 15. Bh4 Rc8 16. Nd2 d5 17. Bf1 Be7 18. Bg3 dxc4 19. Nxc4 {0-1 (82) Li,C (2699)-Donchenko,A (2593) chess.com INT 2019}) 12. Re1 Nbd7 13. Bb2 {The position is equal.} g6 14. Nc3 a6 15. Bf1 Bg7 {[#]} 16. Nd2 $146 ({Predecessor:} 16. Rc1 Rc8 17. Nd2 h5 18. Nb3 Ng4 {0-1 (54) Chatalbashev,B (2554)-Markus,R (2555) Mallorca 2004}) 16... d5 17. c5 bxc5 18. bxc5 e5 19. dxe5 Nxe5 20. Na4 Qc7 21. h3 Ne4 22. Nxe4 dxe4 23. Qd6 Qa5 24. Nc3 (24. Qb6 $15 Qxa4 25. Qxb7) 24... Rad8 25. Qb6 Qxb6 26. cxb6 Nd7 (26... Nd3 $1 $17 {[%cal Rd3b2]} 27. Bxd3 exd3 28. Rxe8+ Rxe8) 27. Rab1 Nxb6 28. Na4 Nxa4 29. Bxg7 Kxg7 30. Rxb7 Nc5 $36 {[%mdl 2048] Black is pushing.} 31. Rb6 Re6 32. Rxe6 fxe6 $17 {[%mdl 4096] Endgame KRB-KRN} 33. Rc1 Rd5 $1 34. h4 Kf6 35. g3 Ke5 36. Rc4 Kd6 37. Rb4 Kc7 38. Rc4 Kd6 39. Rb4 $1 Rd1 40. Kg2 (40. Rb8 $17) 40... Kc7 ({Black should try} 40... a5 $19 41. Rc4 Rd2) 41. Rc4 {[#]} Kc6 $1 42. Rc2 Kd5 43. Be2 (43. Bc4+ $17 Kd6 44. f4) 43... Ra1 $19 44. Rd2+ Ke5 45. Rc2 Kd4 46. Rc4+ Kd5 47. Rc3 Ra2 48. Kf1 {[#]} a5 $1 {[%cal Ba6a5,Ba5a4][%mdl 32]} 49. g4 a4 50. g5 $2 (50. f3) 50... Rb2 51. Ke1 Rb1+ 52. Kd2 Rh1 53. Bc4+ $2 (53. Ke3) 53... Kd4 54. Ba2 {[#]} Rd1+ $1 {[%mdl 576] Deflection} 55. Kxd1 Kxc3 56. Kc1 Nb3+ {Accuracy: White = 38%, Black = 74%.} 0-1

[Event "72nd RUS-ch Higher League 2019"]
[Site "Yaroslavl"]
[Date "2019.06.28"]
[Round "2.4"]
[White "Iljiushenok, Ilia"]
[Black "Grachev, Boris"]
[Result "1/2-1/2"]
[WhiteElo "2549"]
[BlackElo "2621"]
[Annotator "TA"]
[PlyCount "80"]
[EventDate "2019.06.27"]
[EventType "swiss"]
[EventCountry "RUS"]
[SourceTitle "playchess.com"]
[Source "ChessBase"]
[SourceQuality "1"]

{[%evp 9,80,19,11,-39,-50,-41,11,8,12,0,0,0,0,0,10,0,15,32,29,22,25,15,17,25,29,26,23,22,30,9,11,0,30,0,15,0,22,19,19,18,18,18,18,18,18,18,18,18,18,11,11,11,11,11,11,11,11,11,11,11,11,11,11,11,11,11,11,11,11,0,11,0,11]} 1. e4 e5 2. Nf3 Nf6 3. d4 Nxe4 4. Bd3 Nc6 5. d5 Nf6 6. Bg5 {C43: Petroff Defence: 3 d4} (6. dxc6 e4 7. cxb7 Bxb7 8. Be2 exf3 9. Bxf3 Bxf3 10. Qxf3 Be7 11. O-O O-O 12. b3 d5 13. Bb2 {½-½ (30) Izoria,Z (2599)-Lenderman,A (2599) Saint Louis 2018}) 6... Nb4 $146 ({Predecessor:} 6... Ne7 7. Nxe5 Nexd5 8. Bc4 c6 9. Nc3 Be7 10. Nxd5 cxd5 11. Bb3 O-O 12. O-O d6 13. Nd3 {1-0 (30) Beerdsen,T (2476)-Souleidis,G (2436) Hamburg 2018}) 7. Nxe5 Nxd3+ (7... Nbxd5 $15 8. Bc4 Bb4+ 9. c3 Bd6) 8. Qxd3 $11 Be7 9. Nc3 O-O 10. O-O-O d6 11. Nf3 Bg4 12. Rhe1 Re8 13. h3 {[#] Black must now prevent Bxf6.} Bxf3 14. Qxf3 Nd7 15. Bf4 Nc5 16. Ne4 Nxe4 17. Rxe4 Bf6 18. Rde1 Qd7 19. c3 Rxe4 20. Qxe4 h5 21. Bg3 g6 {The position is equal.} 22. f3 Kf8 23. Bf4 Bg7 24. g4 Re8 25. Qxe8+ Qxe8 26. Rxe8+ Kxe8 {[%mdl 4096] Endgame KB-KB} 27. c4 Kd7 28. Kc2 c6 29. b3 cxd5 30. cxd5 f5 31. Kd3 fxg4 32. fxg4 hxg4 33. hxg4 a6 34. Kc4 Bf6 35. a4 Bd8 36. b4 {[%cal Bb3b4,Bb4b5][%mdl 32]} Bf6 37. b5 Bd8 38. Be3 Bh4 39. Bf4 Bd8 40. Be3 Bh4 {Accuracy: White = 65%, Black = 67%.} 1/2-1/2

[Event "72nd RUS-ch Higher League 2019"]
[Site "Yaroslavl"]
[Date "2019.06.28"]
[Round "2.5"]
[White "Triapishko, Alexandr"]
[Black "Esipenko, Andrey"]
[Result "0-1"]
[WhiteElo "2512"]
[BlackElo "2611"]
[Annotator "RC"]
[PlyCount "80"]
[EventDate "2019.06.27"]
[EventType "swiss"]
[EventCountry "RUS"]
[SourceTitle "playchess.com"]
[Source "ChessBase"]
[SourceQuality "1"]
[TimeControl "40/5400+30:1800+30"]

1. Nf3 {[%emt 0:00:00]} d5 {[%emt 0:00:00]} 2. g3 {[%emt 0:00:00]} g6 {[%emt 0:00:20]} 3. Bg2 {[%emt 0:01:14]} Bg7 {[%emt 0:00:06]} 4. d4 {[%emt 0:01:27]} Nf6 {[%emt 0:00:17]} 5. O-O {[%emt 0:01:53]} O-O {[%emt 0:00:12]} 6. Nbd2 {[%emt 0:07:33]} c5 {[%emt 0:00:28]} 7. dxc5 {[%emt 0:05:45]} Qc7 {[%emt 0:00:04]} 8. Nb3 {[%emt 0:15:20]} e5 {[%emt 0:00:09]} 9. e4 {[%emt 0:14:10]} dxe4 {[%emt 0:00:08]} 10. Ng5 {[%emt 0:00:49]} Rd8 {[%emt 0:30:55]} 11. Qe2 {[%emt 0:09:18]} Nc6 {[%emt 0:00:39]} 12. Nxe4 {[%emt 0:14:01]} Nxe4 {[%emt 0:00:08]} 13. Qxe4 {[%emt 0:02:02]} Be6 {[%emt 0:02:22]} 14. c3 {[%emt 0:04:40]} a5 {[%emt 0:13:53]} 15. Qh4 {[%emt 0:05:14]} f5 {[%emt 0:07:34]} 16. Bg5 {[%emt 0:04:13]} Rd7 {[%emt 0:03:00]} 17. Rfd1 {[%emt 0:07:11]} a4 {[%emt 0:02:21]} 18. Nd2 {[%emt 0:00:04]} e4 {[%emt 0:00:20]} 19. Nxe4 {[%emt 0:01:45]} fxe4 {[%emt 0:01:30]} 20. Qxe4 {[%emt 0:00:20]} Rxd1+ {[%emt 0:02:26]} 21. Rxd1 {[%emt 0:00:03]} Bxa2 {[%emt 0:03:52]} 22. Bh3 {[%emt 0:01:31]} Qf7 {[%emt 0:04:59]} 23. Rd7 {[%emt 0:01:22]} Re8 {[%emt 0:00:11]} 24. Rxf7 {[%emt 0:01:25]} Rxe4 {[%emt 0:00:08]} 25. Rxb7 {[%emt 0:00:36]} Re1+ {[%emt 0:02:08]} 26. Kg2 {[%emt 0:00:01]} Bd5+ {[%emt 0:04:25]} 27. f3 {[%emt 0:00:00]} Ne5 {[%emt 0:00:58]} 28. Rb8+ {[%emt 0:01:16]} Kf7 {[%emt 0:00:05]} 29. Bf4 {[%emt 0:00:38]} Bxf3+ {[%emt 0:05:46]} 30. Kf2 {[%emt 0:00:01]} Re2+ {[%emt 0:00:10]} 31. Kg1 {[%emt 0:00:25]} Bf8 {[%emt 0:01:11]} 32. Bxe5 {[%emt 0:01:09]} Rxe5 {[%emt 0:00:07]} 33. Kf2 {[%emt 0:00:11]} Bc6 {[%emt 0:01:09]} 34. Rc8 {[%emt 0:00:48]} Bxc5+ {[%emt 0:00:37]} 35. Kf1 {[%emt 0:00:01]} Bb5+ {[%emt 0:01:52]} 36. Kg2 {[%emt 0:00:03]} Re2+ {[%emt 0:00:16]} 37. Kf3 {[%emt 0:00:15]} Rf2+ {[%emt 0:00:08]} 38. Ke4 {[%emt 0:00:10]} Be7 {[%emt 0:00:06]} 39. c4 {[%emt 0:01:17]} Ba6 {[%emt 0:00:07]} 40. Be6+ {[%emt 0:00:00]} Kf6 {[%emt 0:00:00]} 0-1

[Event "72nd RUS-ch Higher League 2019"]
[Site "Yaroslavl"]
[Date "2019.06.28"]
[Round "2.6"]
[White "Petrov, Nikita"]
[Black "Levin, Evgeny A."]
[Result "1/2-1/2"]
[WhiteElo "2610"]
[BlackElo "2504"]
[Annotator "TA"]
[PlyCount "54"]
[EventDate "2019.06.27"]
[EventType "swiss"]
[EventCountry "RUS"]
[SourceTitle "playchess.com"]
[Source "ChessBase"]
[SourceQuality "1"]

{[%evp 14,54,14,11,18,17,21,23,23,14,1,-25,0,0,-6,-34,14,0,49,29,45,-25,-20,-23,-28,-47,-56,-57,-37,-55,0,-80,-87,-83,-79,-85,-18,-16,0,-79,0,-14,0]} 1. d4 Nf6 2. c4 e6 3. Nc3 Bb4 4. Qc2 d5 5. cxd5 Qxd5 6. e3 c5 7. Bd2 Bxc3 8. bxc3 O-O {E34: Nimzo-Indian: Classical: 4...d5} (8... b6 9. f3 Nc6 10. e4 Qd8 11. Be3 Nd7 12. Bb5 Bb7 13. Qd2 O-O 14. Ne2 Qc8 15. Kf2 Ba6 16. a4 {½-½ (54) Lysyj,I (2635)-Huzman,A (2582) Skopje 2019}) 9. Nf3 Nbd7 10. c4 Qd6 {White has an edge.} 11. Bc3 b6 12. Bd3 $146 ({Predecessor:} 12. Ne5 Qc7 13. Bd3 h6 14. f4 Bb7 15. O-O {½-½ (35) Botvinnik,M-Lilienthal,A Hastings White Rock Pavilion 1935}) 12... Bb7 13. Ne5 Rfd8 {Hoping for ...Nxe5.} 14. Rd1 h6 15. Nxd7 Nxd7 (15... Qxd7 {is interesting.} 16. O-O cxd4 17. exd4 Qc6 18. f3 Ba6) 16. d5 Ne5 17. e4 (17. Be2 $1 $14) 17... exd5 18. cxd5 Nxd3+ 19. Qxd3 f5 20. f3 fxe4 21. fxe4 Qf4 (21... Rf8 $15 22. Rd2 Rad8) 22. Qf3 {[#]} (22. g3 $11 Qf7 23. Bb2) 22... Qh4+ $1 $17 23. g3 {[#]} Qh3 $1 {And now ...Rf8 would win.} 24. Qf1 ({Not} 24. Rf1 $2 Rf8 $19) 24... Qh5 (24... Qd7 $17) 25. Qe2 $11 Qh3 (25... Qxe2+ $11 26. Kxe2 Rd7) 26. Qf1 $17 Qh5 ({Better is} 26... Qc8 $17 27. Qf3 Rf8) 27. Qe2 $11 Qh3 {Accuracy: White = 55%, Black = 45%.} 1/2-1/2

[Event "72nd RUS-ch Higher League 2019"]
[Site "Yaroslavl"]
[Date "2019.06.28"]
[Round "2.7"]
[White "Bimiev, Ahmad"]
[Black "Timofeev, Artyom"]
[Result "0-1"]
[WhiteElo "2238"]
[BlackElo "2608"]
[Annotator "TA"]
[PlyCount "32"]
[EventDate "2019.06.27"]
[EventType "swiss"]
[EventCountry "RUS"]
[SourceTitle "playchess.com"]
[Source "ChessBase"]
[SourceQuality "1"]

{[%evp 13,74,4,6,4,3,2,6,2,28,-2,16,7,20,-16,-18,-189,-185,-187,-184,-184,-81,-99,-97,-82,-87,-73,-89,-130,-88,-153,-123,-143,-144,-137,-131,-111,-101,-104,-50,-168,-96,-100,-92,-79,-91,-434,-435,-422,-425,-531,-525,-565,-583,-576,-532,-660,-416,-808,-803,-1081,-1065,-1216,-562]} 1. c4 Nf6 2. g3 d5 3. Nf3 g6 4. b3 Bg7 5. Bb2 e6 6. Bg2 O-O 7. O-O b6 8. e3 {A05: Réti Opening: 1 Nf3 Nf6} Bb7 9. Qe2 dxc4 $146 ({Predecessor:} 9... Nbd7 10. Rd1 a5 11. a3 Qe7 12. d3 Nc5 13. Nbd2 Rfd8 14. d4 Nce4 15. Rac1 Rac8 {½-½ (49) Ramirez Alvarez,A (2568)-Liang,A (2572) chess.com INT 2018}) 10. bxc4 {The position is equal.} Nbd7 11. Nc3 e5 12. e4 Re8 13. Rfd1 Nc5 {[%cal Rf6e4]} 14. Nxe5 $2 (14. d3 $11 {and White stays safe.}) 14... Rxe5 $19 15. d4 Rxe4 $1 {[%mdl 64] [#] Double Attack} 16. Qc2 Rxd4 {Played: Qd8-c8} 0-1